Szczegóły MARC
| 000 -Nagłówek |
| fixed length control field |
01570cam a2200445 i 4500 |
| 001 - Nr kontrolny bibl., która utworzyła rek. |
| control field |
zz2004951633 |
| 003 - Siglum bibl., której nr kontr. jest w 001 |
| control field |
NUKAT |
| 005 - Data i czas ostatniej operacji |
| control field |
20260331080154.0 |
| 008 - Elementy pola stałej długości |
| fixed length control field |
030604s1954 pl a |000 0 pol c |
| 035 ## - Systemowy numer kontrolny |
| systemowy numer kontrolny |
(OCoLC)749515826 |
| 035 ## - Systemowy numer kontrolny |
| systemowy numer kontrolny |
(NUKAT)zz2004951633 |
| 040 ## - Instytucja sporządzająca opis |
| Instytucja, która sporządziła opis |
GD U/1AA |
| Instytucja, która sporządziła rekord |
GD U/1AA |
| Instytucja, która zmodyfikowała rekord |
GD U/1AA |
| -- |
GD PAN/JMSs |
| 041 1# - Kod nazwy języka dokumentu |
| Język tekstu |
pol |
| Language code of original |
rus |
| 045 0# - Okres czasu dla zawartości |
| czas między r. 9999 pne a nasz. czas. |
d1918 |
| 046 ## - Kod rodz. daty, data1, data2 (daty pne) |
| Begin/single date |
1920 |
| End date |
1926 |
| 100 1# - Hasło główne-nazwa osobowa |
| Nazwa osobowa |
Lenin, Vladimir Ilʹič |
| Daty biograficzne |
(1870-1924). |
| 9 (RLIN) |
28927 |
| 245 10 - Tytuł właściwy i oznaczenie odpow. |
| tytuł |
Dzieła. |
| numer części/sekcji pracy |
T. 27, |
| tytuł części/sekcji pracy |
Luty - lipiec 1918 / |
| dod. inf. ze s. tyt./ozn. odpow. |
W. I. Lenin. |
| 260 ## - Adres wydawniczy |
| miejsce wydania, dystrybucji itp. |
Warszawa : |
| nazwa wydawcy, dystrybutora itp. |
Książka i Wiedza, |
| data wydania, dystrybucji itp. |
1954. |
| 300 ## - Opis fizyczny |
| objętość i/lub forma materiału |
X, 653 s., [1] k. portr., [1] k. tabl. złoż : |
| inne szczegóły opisu fizycznego |
il. ; |
| format |
20 cm. |
| 336 ## - Content Type |
| Term |
Tekst |
| Code |
txt |
| Source |
rdacontent |
| 337 ## - Media Type |
| Term |
Bez urządzenia pośredniczącego |
| Code |
n |
| Source |
rdamedia |
| 338 ## - Carrier Type |
| Term |
Wolumin |
| Code |
nc |
| Source |
rdacarrier |
| 380 ## - Form of work |
| Form of work |
Książki |
| 380 ## - Form of work |
| Form of work |
Literatura faktu, eseje, publicystyka |
| 386 ## - Creator/Contributor Characteristics |
| Demographic group term |
Przynależność kulturowa |
| Creator/contributor term |
Literatura rosyjska |
| 388 1# - TIME PERIOD OF CREATION |
| Time period of creation term |
1901-2000 |
| 388 1# - TIME PERIOD OF CREATION |
| Time period of creation term |
1918-1939 |
| 500 ## - Uwaga ogólna |
| uwaga ogólna |
Przekł. z czwartego wyd. ros. przygotowanego przez Instytut Marksa-Engelsa-Lenina przy KC WKP(b). |
| 648 #7 - SUBJECT ADDED ENTRY--CHRONOLOGICAL TERM |
| Chronological term |
1901-2000 |
| Source of heading or term |
DBN |
| 9 (RLIN) |
34996 |
| 648 #7 - SUBJECT ADDED ENTRY--CHRONOLOGICAL TERM |
| Chronological term |
1914-1918 |
| Source of heading or term |
DBN |
| 9 (RLIN) |
36040 |
| 650 #7 - Hasło przedmiotowe-nazwa pospolita |
| nazwa pospolita lub geogr. |
Komunizm |
| źródło hasła |
DBN |
| 9 (RLIN) |
37289 |
| 650 #7 - Hasło przedmiotowe-nazwa pospolita |
| nazwa pospolita lub geogr. |
Marksizm |
| źródło hasła |
DBN |
| 9 (RLIN) |
39280 |
| 650 #7 - Hasło przedmiotowe-nazwa pospolita |
| nazwa pospolita lub geogr. |
Marksizm-leninizm |
| określnik formy |
źródła. |
| źródło hasła |
kaba |
| 9 (RLIN) |
34629 |
| 650 #7 - Hasło przedmiotowe-nazwa pospolita |
| nazwa pospolita lub geogr. |
Wojna i socjalizm. |
| źródło hasła |
kaba |
| 9 (RLIN) |
34949 |
| 651 #7 - Hasło przedmiotowe-nazwa geogr. |
| nazwa geograficzna |
Rosja |
| źródło hasła |
DBN |
| 9 (RLIN) |
36145 |
| 651 #7 - Hasło przedmiotowe-nazwa geogr. |
| nazwa geograficzna |
Związek Radziecki |
| określnik rzeczowy |
polityka i rządy |
| określnik chronologiczny |
1917-1928. |
| źródło hasła |
kaba |
| 9 (RLIN) |
39281 |
| 655 #7 - Termin określający rodzaj/formę |
| rodzaj/forma |
Publicystyka |
| źródło terminu |
DBN |
| 9 (RLIN) |
35056 |
| 658 ## - Nazwa określająca cel programu nauczania |
| główny cel programu nauczania |
Filozofia i etyka |
| 942 ## - ADDED ENTRY ELEMENTS (KOHA) |
| Source of classification or shelving scheme |
Dewey Decimal Classification |
| Koha item type |
pozycje dostępne na miejscu |